Datum a čas kvízu
19.5
Celkem bodů
Celkový počet nahraných bodů na tomto kvízu bez doplňovacích otázek.
5.
Pořadí na kvízu
Konečné umístění týmu na tomto kvízu.
Zaznamenané odpovědi
| # | Otázka | Odpověď | Body | Výsledky |
|---|---|---|---|---|
| 1. | Nestává se často, aby Černínsk... | Mahátma Gándhí | 0 | |
| 2. | V předčasných volbách do posla... | Sluha národa | 0 | |
| 3. | Minulý týden se stala na serve... | Bohemian Rhapsody, Queen | 1 | |
| 4. | Premiér Andrej Babiš se po stř... | zemědělec | 0 | |
| 5. | Jak se jmenuje 36letý útočník,... | Tomáš Plekanec | 1 | |
| 6. | Podle legendy byl na kříži, kt... | sv. Ondřej | 0 | |
| 7. | Na obrázku vidíme jednoho z ne... | hlavohruď, zadeček | 1 | |
| 8. | Jiří Křižan žil mezi lety 1941... | Je třeba zabít Sekala | 0 | |
| 5. | O Františku Křižíkovi se zmiňu... | A | 0 | |
| 5. | Jedním z nejznámějších křižník... | Kateřina II. Veliká | 1 |